[Event "Belt and Road Hunan op-C"]
[Site "Changsha"]
[Date "2019.08.02"]
[Round "9"]
[White "Sun, Tingzhou"]
[Black "Bekhtur, Bayaraa"]
[Result "1-0"]
[WhiteElo "1481"]
[BlackElo "1834"]
[PlyCount "57"]
[EventDate "2019.07.29"]
[EventType "swiss"]
[EventRounds "9"]
[EventCountry "CHN"]
[SourceTitle "EXT 2020"]
[Source "ChessBase"]
[SourceDate "2019.10.17"]
[SourceVersion "1"]
[SourceVersionDate "2019.10.17"]
[SourceQuality "1"]

1. d4 d5 2. c4 Nf6 3. cxd5 Qxd5 4. Nc3 Qa5 5. Bd2 e6 6. a3 Qb6 7. e3 Bd7 8. Qc2 a5 9. Bd3 a4 10. Nge2 Bc6 11. 0-0 h5 12. e4 h4 13. h3 Nbd7 14. Rae1 Be7 15. Be3 Qa5 16. Bd2 Qb6 17. Be3 Qa5 18. Bd2 Qh5 19. Nf4 Qa5 20. Ncd5 Qa7 21. Nxc7+ Kd8 22. Nxa8 Qxa8 23. Bb4 Bxb4 24. axb4 g5 25. Ne2 g4 26. b5 gxh3 27. gxh3 Kc7 28. bxc6 bxc6 29. Kh1 1-0

[Event "San Francisco TNM Spring op"]
[Site "San Francisco"]
[Date "2016.04.12"]
[Round "5"]
[White "Giridharan, Durgashankar"]
[Black "Bekhtur, Bayaraa"]
[Result "1-0"]
[WhiteElo "1199"]
[BlackElo "1896"]
[PlyCount "63"]
[EventDate "2016.03.15"]
[EventType "swiss"]
[EventRounds "8"]
[EventCountry "USA"]
[SourceTitle "EXT 2018"]
[Source "ChessBase"]
[SourceDate "2017.10.13"]
[SourceVersion "1"]
[SourceVersionDate "2017.10.13"]
[SourceQuality "1"]

1. e4 e5 2. Nf3 Nc6 3. d4 exd4 4. Nxd4 Bc5 5. Be3 Nf6 6. Nc3 Qe7 7. Nf5 Qf8 8. Bxc5 Qxc5 9. Nxg7+ Kf8 10. Nf5 Nxe4 11. Nxe4 Qxf5 12. Bd3 d5 13. Ng3 Qe5+ 14. Qe2 Qxb2 15. 0-0 Qe5 16. Qf3 Nd4 17. Qd1 Be6 18. Qd2 h5 19. Rfe1 Qd6 20. c3 Nc6 21. Qg5 h4 22. Nh5 h3 23. g3 Rg8 24. Qh6+ Ke7 25. Bh7 Rh8 26. Qg7 Raf8 27. c4 d4 28. c5 Qxc5 29. Rxe6+ Kxe6 30. Qf6+ Kd7 31. Bf5+ Ke8 32. Ng7# 1-0

[Event "San Francisco TNM Spring op"]
[Site "San Francisco"]
[Date "2016.03.22"]
[Round "2"]
[White "Donaldson, Kyle Garrett"]
[Black "Bekhtur, Bayaraa"]
[Result "0-1"]
[WhiteElo "1434"]
[BlackElo "1896"]
[PlyCount "58"]
[EventDate "2016.03.15"]
[EventType "swiss"]
[EventRounds "8"]
[EventCountry "USA"]
[SourceTitle "EXT 2018"]
[Source "ChessBase"]
[SourceDate "2017.10.13"]
[SourceVersion "1"]
[SourceVersionDate "2017.10.13"]
[SourceQuality "1"]

1. e4 c5 2. Nf3 d6 3. d4 cxd4 4. Nxd4 Nf6 5. Nc3 a6 6. Be2 b5 7. a3 e5 8. Nf3 Be6 9. 0-0 Be7 10. Ng5 0-0 11. Nxe6 fxe6 12. Be3 d5 13. exd5 exd5 14. Nxd5 Qxd5 15. Qxd5+ Nxd5 16. Bd2 Nf6 17. Rae1 e4 18. b4 Nbd7 19. f3 Bd6 20. f4 Rac8 21. Rc1 Nb6 22. c3 Nc4 23. Bxc4+ Rxc4 24. g3 Bc7 25. Be3 Nd5 26. Bd4 Bb6 27. Bxb6 Nxb6 28. Rfd1 Na4 29. Re1 Nxc3 0-1

[Event "San Francisco TNM Winter op"]
[Site "San Francisco"]
[Date "2016.01.26"]
[Round "4"]
[White "Bekhtur, Bayaraa"]
[Black "Stearman, Josiah P"]
[Result "0-1"]
[WhiteElo "1915"]
[BlackElo "2203"]
[PlyCount "40"]
[EventDate "2016.01.05"]
[EventType "swiss"]
[EventRounds "8"]
[EventCountry "USA"]
[SourceTitle "EXT 2018"]
[Source "ChessBase"]
[SourceDate "2017.10.13"]
[SourceVersion "1"]
[SourceVersionDate "2017.10.13"]
[SourceQuality "1"]

1. e4 c5 2. c4 Nc6 3. Ne2 e5 4. g3 d6 5. Bg2 g6 6. Nbc3 Bg7 7. 0-0 h5 8. f4 Nh6 9. Nd5 Be6 10. d3 h4 11. Nec3 hxg3 12. hxg3 exf4 13. Bxf4 Bd4+ 14. Be3 Bxe3+ 15. Nxe3 Qg5 16. Ned5 Qxg3 17. Rf3 Qe5 18. Nc7+ Kd7 19. Nxe6 fxe6 20. Qe2 Nd4 0-1

[Event "San Francisco TNM Winter op"]
[Site "San Francisco"]
[Date "2015.01.20"]
[Round "3"]
[White "Walder, Michael S"]
[Black "Bekhtur, Bayaraa"]
[Result "1/2-1/2"]
[WhiteElo "2154"]
[BlackElo "1731"]
[PlyCount "111"]
[EventDate "2015.01.06"]
[EventType "swiss"]
[EventRounds "8"]
[EventCountry "USA"]
[SourceTitle "EXT 2016"]
[Source "ChessBase"]
[SourceDate "2015.10.08"]
[SourceVersion "1"]
[SourceVersionDate "2015.10.08"]
[SourceQuality "1"]

1. c4 Nf6 2. Nc3 g6 3. d4 Bg7 4. e4 d6 5. Nf3 0-0 6. Be2 e5 7. 0-0 Nh5 8. Be3 f5 9. dxe5 dxe5 10. exf5 gxf5 11. Nxe5 Bxe5 12. Bxh5 f4 13. Bc5 Bd6 14. Qd5+ Kg7 15. Bxd6 cxd6 16. Nb5 Rf5 17. Qd4+ Rf6 18. Rad1 Nc6 19. Qd2 Rh6 20. Qc3+ Kg8 21. Bf3 Qh4 22. Bd5+ Be6 23. Bxe6+ Rxe6 24. Rxd6 Rxd6 25. Nxd6 Rf8 26. c5 f3 27. Qc4+ Qxc4 28. Nxc4 Nd4 29. Rd1 Rf4 30. Ne3 Kf7 31. gxf3 Nxf3+ 32. Kg2 Nd4 33. b4 h5 34. b5 Ke6 35. a4 h4 36. h3 Ke5 37. Rd2 Ke4 38. Nc2 Nb3 39. Rd7 Nxc5 40. Rc7 Kd5 41. a5 a6 42. bxa6 bxa6 43. Ne3+ Kd6 44. Rh7 Kc6 45. Rh5 Nd3 46. Rf5 Rxf5 47. Nxf5 Kb5 48. Nxh4 Kxa5 49. Ng6 Nc5 50. h4 Ne6 51. h5 Ng5 52. Ne5 Kb5 53. f4 Nh7 54. Kf3 a5 55. Ke3 Kb4 56. Kd3 1/2-1/2

[Event "San Francisco TNM Winter op"]
[Site "San Francisco"]
[Date "2015.01.06"]
[Round "1"]
[White "Otterbach, Renate"]
[Black "Bekhtur, Bayaraa"]
[Result "0-1"]
[WhiteElo "1076"]
[BlackElo "1731"]
[PlyCount "56"]
[EventDate "2015.01.06"]
[EventType "swiss"]
[EventRounds "8"]
[EventCountry "USA"]
[SourceTitle "EXT 2016"]
[Source "ChessBase"]
[SourceDate "2015.10.08"]
[SourceVersion "1"]
[SourceVersionDate "2015.10.08"]
[SourceQuality "1"]

1. d4 Nf6 2. Nf3 g6 3. Bf4 Bg7 4. e3 0-0 5. Bd3 d6 6. h3 Nbd7 7. Qd2 e5 8. dxe5 Nh5 9. Bg5 Qe8 10. Nc3 Nxe5 11. Nxe5 Qxe5 12. e4 Qa5 13. Nd5 Qxd2+ 14. Bxd2 c6 15. Ne7+ Kh8 16. Nxc8 Raxc8 17. c3 f5 18. f3 Rce8 19. 0-0-0 fxe4 20. fxe4 Rf2 21. Be3 Rxg2 22. Bxa7 Ra8 23. Rd2 Bh6 24. Bd4+ Ng7 25. Rhd1 Bxd2+ 26. Rxd2 Rxa2 27. Kb1 Rxd2 28. Kxa2 Rxd3 0-1

[Event "San Francisco TNM Summer op"]
[Site "San Francisco"]
[Date "2014.07.08"]
[Round "7"]
[White "Bekhtur, Bayaraa"]
[Black "Li, William"]
[Result "0-1"]
[WhiteElo "1702"]
[BlackElo "1787"]
[PlyCount "84"]
[EventDate "2013.05.28"]
[EventType "swiss"]
[EventRounds "8"]
[EventCountry "USA"]
[SourceTitle "EXT 2016"]
[Source "ChessBase"]
[SourceDate "2015.10.08"]
[SourceVersion "1"]
[SourceVersionDate "2015.10.08"]
[SourceQuality "1"]

1. e4 c6 2. d4 d5 3. e5 c5 4. c3 Nc6 5. h3 Bf5 6. Bb5 cxd4 7. cxd4 Bxb1 8. Bxc6+ bxc6 9. Rxb1 e6 10. Qa4 Qd7 11. b4 Ne7 12. Ne2 Nc8 13. b5 c5 14. Ba3 Nb6 15. Qa6 Rc8 16. Rc1 Nc4 17. 0-0 Be7 18. Rfd1 0-0 19. dxc5 Nxa3 20. Qxa3 Qxb5 21. Nd4 Qb7 22. f4 Qc7 23. Nb3 f6 24. Qa6 Kf7 25. Nd4 Qd7 26. c6 Qc7 27. Nb5 Qb6+ 28. Qxb6 axb6 29. Nd6+ Bxd6 30. exd6 Rfd8 31. d7 Rc7 32. f5 Ke7 33. fxe6 Kxe6 34. Re1+ Kd6 35. Re8 Rdxd7 36. cxd7 Rxc1+ 37. Kh2 Kxd7 38. Rg8 g6 39. Rg7+ Ke6 40. Rxh7 d4 41. Rh8 Rc7 42. Rd8 Rd7 0-1

[Event "San Francisco TNM Spring op"]
[Site "San Francisco"]
[Date "2014.04.29"]
[Round "7"]
[White "Morgan, Jerry"]
[Black "Bekhtur, Bayaraa"]
[Result "0-1"]
[WhiteElo "1568"]
[BlackElo "1878"]
[PlyCount "126"]
[EventDate "2014.03.18"]
[EventType "swiss"]
[EventRounds "8"]
[EventCountry "USA"]
[SourceTitle "EXT 2016"]
[Source "ChessBase"]
[SourceDate "2015.10.08"]
[SourceVersion "1"]
[SourceVersionDate "2015.10.08"]
[SourceQuality "1"]

1. f4 c5 2. Nf3 d5 3. e3 Nc6 4. Bb5 Bd7 5. b3 a6 6. Bxc6 Bxc6 7. Bb2 h6 8. 0-0 Nf6 9. Ne5 e6 10. d3 Be7 11. Nd2 0-0 12. Ndf3 Rc8 13. Nxc6 Rxc6 14. Ne5 Rc8 15. Qe1 Nh7 16. Qg3 Bf6 17. e4 d4 18. Bc1 Qa5 19. Nc4 Qc7 20. e5 Be7 21. f5 Kh8 22. Bd2 Rcd8 23. Ba5 Qc6 24. Bxd8 Rxd8 25. a4 b5 26. axb5 axb5 27. Nd2 Bg5 28. Ne4 Be3+ 29. Kh1 Ng5 30. f6 g6 31. Nxg5 Bxg5 32. Ra7 Kg8 33. Rfa1 c4 34. bxc4 bxc4 35. R1a6 Qb5 36. Qe1 Bh4 37. Qd1 Qxe5 38. Ra5 Qxf6 39. Rb5 Rd5 40. dxc4 Re5 41. Rxe5 Qxe5 42. Qf1 Bf6 43. Ra8+ Kg7 44. Rc8 Be7 45. h3 Bd6 46. Qg1 f5 47. Rd8 Kf6 48. Rd7 h5 49. g3 Qc5 50. Qg2 Bxg3 51. Qxg3 Qc6+ 52. Kg1 Qxd7 53. c5 e5 54. h4 Qb5 55. Qg5+ Kf7 56. Qh6 Qb1+ 57. Kf2 Qxc2+ 58. Kf3 e4+ 59. Kg3 Qd3+ 60. Kg2 Qf3+ 61. Kg1 Qe3+ 62. Qxe3 dxe3 63. Kf1 Ke6 0-1

[Event "San Francisco TNM Winter op"]
[Site "San Francisco"]
[Date "2014.02.11"]
[Round "6"]
[White "Shaughnessy, Elizabeth"]
[Black "Bekhtur, Bayaraa"]
[Result "0-1"]
[WhiteElo "1500"]
[BlackElo "1818"]
[PlyCount "40"]
[EventDate "2014.01.07"]
[EventType "swiss"]
[EventRounds "8"]
[EventCountry "USA"]
[SourceTitle "EXT 2016"]
[Source "ChessBase"]
[SourceDate "2015.10.08"]
[SourceVersion "1"]
[SourceVersionDate "2015.10.08"]
[SourceQuality "1"]

1. e4 e5 2. Nf3 d6 3. d4 exd4 4. Nxd4 Be7 5. Bc4 Nf6 6. Nc3 0-0 7. 0-0 c6 8. Be3 b5 9. Bb3 b4 10. Nce2 Nxe4 11. Nxc6 Nxc6 12. Qd5 Ba6 13. Rfe1 Nxf2 14. Qxc6 Bxe2 15. Rxe2 Ng4 16. Bd2 Rc8 17. Qe4 Qb6+ 18. Be3 Nxe3 19. Rxe3 Bg5 20. Rae1 Rfe8 0-1

[Event "San Francisco TNM Winter op"]
[Site "San Francisco"]
[Date "2014.01.28"]
[Round "4"]
[White "Bekhtur, Bayaraa"]
[Black "Winslow, Elliott C"]
[Result "1-0"]
[WhiteElo "1818"]
[BlackElo "2281"]
[PlyCount "65"]
[EventDate "2014.01.07"]
[EventType "swiss"]
[EventRounds "8"]
[EventCountry "USA"]
[SourceTitle "EXT 2016"]
[Source "ChessBase"]
[SourceDate "2015.10.08"]
[SourceVersion "1"]
[SourceVersionDate "2015.10.08"]
[SourceQuality "1"]

1. e4 c5 2. Nf3 d6 3. d4 cxd4 4. Nxd4 Nf6 5. Nc3 a6 6. Be2 e6 7. 0-0 Be7 8. Kh1 0-0 9. f4 Nc6 10. Nxc6 bxc6 11. e5 dxe5 12. fxe5 Nd7 13. Qd4 Qc7 14. Bf4 c5 15. Qe3 Nb6 16. Qg3 Kh8 17. Ne4 Bb7 18. Nf6 Nd5 19. Nh5 Rg8 20. Bd2 f5 21. exf6 gxf6 22. Qxc7 Nxc7 23. Bf3 Bxf3 24. Rxf3 Rgf8 25. Raf1 Ne8 26. Bc3 Rd8 27. g4 Kg8 28. Nxf6+ Bxf6 29. Bxf6 Rd2 30. Be7 Rxf3 31. Rxf3 Nc7 32. Bg5 Rxc2 33. Bh6 1-0

[Event "San Francisco TNM Winter op"]
[Site "San Francisco"]
[Date "2014.01.21"]
[Round "3"]
[White "Bekhtur, Bayaraa"]
[Black "James, Charles"]
[Result "1-0"]
[WhiteElo "1818"]
[BlackElo "1529"]
[PlyCount "71"]
[EventDate "2014.01.07"]
[EventType "swiss"]
[EventRounds "8"]
[EventCountry "USA"]
[SourceTitle "EXT 2016"]
[Source "ChessBase"]
[SourceDate "2015.10.08"]
[SourceVersion "1"]
[SourceVersionDate "2015.10.08"]
[SourceQuality "1"]

1. e4 e6 2. d4 d5 3. exd5 exd5 4. Be2 Nf6 5. Nf3 Bd6 6. 0-0 0-0 7. Nc3 c6 8. Bg5 Be6 9. Ne5 Nbd7 10. f4 Bf5 11. g4 Be4 12. Nxe4 dxe4 13. Bc4 Qc7 14. Bb3 Nd5 15. Nxd7 Qxd7 16. f5 Rae8 17. c4 e3 18. Qe2 h6 19. Bxh6 gxh6 20. cxd5 Kh7 21. f6 Rg8 22. Bc2+ Kh8 23. h3 Bg3 24. Rf5 Bf2+ 25. Kg2 Qd6 26. Qf3 Bh4 27. Rh5 Qxf6 28. Qxf6+ Bxf6 29. Rxh6+ Kg7 30. Rh7+ Kf8 31. Rf1 Bg7 32. Bg6 Re7 33. d6 Rd7 34. Rf3 Bxd4 35. Bxf7 Rg5 36. Be6+ 1-0

[Event "San Francisco TNM Fall op"]
[Site "San Francisco"]
[Date "2013.11.12"]
[Round "4"]
[White "LaCounte, Brendan A"]
[Black "Bekhtur, Bayaraa"]
[Result "1-0"]
[WhiteElo "1921"]
[BlackElo "1816"]
[PlyCount "95"]
[EventDate "2013.10.22"]
[EventType "swiss"]
[EventRounds "9"]
[EventCountry "USA"]
[SourceTitle "EXT 2016"]
[Source "ChessBase"]
[SourceDate "2015.10.08"]
[SourceVersion "1"]
[SourceVersionDate "2015.10.08"]
[SourceQuality "1"]

1. d4 d5 2. Nf3 e6 3. e3 Nf6 4. Bd3 c5 5. b3 Qc7 6. Nbd2 Nc6 7. Bb2 cxd4 8. exd4 Nb4 9. Ne5 Nxd3+ 10. Nxd3 Bd6 11. Ne5 Nd7 12. Ndf3 Bb4+ 13. Nd2 Nxe5 14. dxe5 Bc3 15. Bxc3 Qxc3 16. 0-0 Qxe5 17. Re1 Qf6 18. Nf3 0-0 19. Qd3 b6 20. Ne5 Qe7 21. f4 Bb7 22. Re3 Rac8 23. Kh1 Qc7 24. c3 f6 25. Nf3 Rfe8 26. Qd4 Qc5 27. Rae1 Kf7 28. Qxc5 bxc5 29. Kg1 d4 30. cxd4 Bxf3 31. Rxf3 cxd4 32. Re4 Rc1+ 33. Kf2 Rec8 34. Rxd4 R8c2+ 35. Kg3 Rxa2 36. Rd7+ Kg6 37. Kh3 Rcc2 38. f5+ exf5 39. Rg3+ Kh6 40. Rgxg7 Rd2 41. Rxh7+ Kg5 42. Rdg7+ Kf4 43. Rxa7 Rxa7 44. Rxa7 Rd8 45. g3+ Kf3 46. Ra4 Rh8+ 47. Rh4 Rxh4+ 48. Kxh4 1-0

[Event "US Open-114"]
[Site "Middleton"]
[Date "2013.08.01"]
[Round "6"]
[White "Bekhtur, Bayaraa"]
[Black "Amarasinghe, Prashantha"]
[Result "0-1"]
[WhiteElo "1788"]
[BlackElo "2137"]
[PlyCount "94"]
[EventDate "2013.07.27"]
[EventType "swiss"]
[EventRounds "9"]
[EventCountry "USA"]
[SourceTitle "CBM 155 Extra"]
[Source "ChessBase"]
[SourceDate "2013.08.26"]
[SourceVersion "1"]
[SourceVersionDate "2013.08.26"]
[SourceQuality "1"]

1. e4 e6 2. d4 d5 3. exd5 exd5 4. Nf3 Nc6 5. Be2 Bf5 6. 0-0 Nf6 7. b3 Bd6 8. c4 0-0 9. Bg5 h6 10. Bxf6 Qxf6 11. cxd5 Ne7 12. Bc4 Rad8 13. Nc3 Bg4 14. Ne4 Qf4 15. Nxd6 Rxd6 16. Qc1 Qxc1 17. Rfxc1 Bxf3 18. gxf3 Rc8 19. Rc2 Nxd5 20. Bxd5 Rxd5 21. Rac1 c6 22. Rd2 Rcd8 23. Rcd1 c5 24. Kf1 cxd4 25. Ke2 g6 26. Kd3 Rf5 27. Ke4 Re8+ 28. Kxd4 Rxf3 29. Kc5 Re6 30. Rd8+ Kg7 31. R1d2 Rf5+ 32. R8d5 Rc6+ 33. Kb5 Rb6+ 34. Kc5 Rc6+ 35. Kb5 Rd6 36. Kc4 Rdxd5 37. Rxd5 Rxf2 38. a4 Rxh2 39. Rd7 g5 40. Rxb7 g4 41. Re7 Kf6 42. Re1 h5 43. Kb5 g3 44. Ka6 Rb2 45. a5 Rxb3 46. Rf1+ Kg6 47. Rf6+ Kxf6 0-1

[Event "San Francisco TNM Spring op"]
[Site "San Francisco"]
[Date "2013.04.02"]
[Round "3"]
[White "Ramachandran, Jayakrishnan"]
[Black "Bekhtur, Bayaraa"]
[Result "1-0"]
[WhiteElo "1843"]
[BlackElo "1649"]
[PlyCount "65"]
[EventDate "2013.03.19"]
[EventType "swiss"]
[EventRounds "8"]
[EventCountry "USA"]
[SourceTitle "EXT 2016"]
[Source "ChessBase"]
[SourceDate "2015.10.08"]
[SourceVersion "1"]
[SourceVersionDate "2015.10.08"]
[SourceQuality "1"]

1. e4 c5 2. Nf3 d6 3. d4 cxd4 4. Nxd4 Nf6 5. Nc3 g6 6. g3 Bg7 7. Bg2 Nc6 8. Nxc6 bxc6 9. e5 Nd5 10. Nxd5 cxd5 11. Qxd5 Be6 12. Qxa8 0-0 13. Qxd8 Rxd8 14. 0-0 Bxe5 15. c3 a5 16. f4 Bf6 17. Be3 Rb8 18. Rf2 Bg7 19. Bd4 f6 20. Re1 Kf7 21. Rfe2 Bxa2 22. Rxe7+ Kf8 23. R7e2 Bc4 24. Rd2 d5 25. Bc5+ Kg8 26. Bxd5+ Bxd5 27. Rxd5 h5 28. Ba3 Ra8 29. Rd7 g5 30. fxg5 fxg5 31. Ree7 Bf8 32. Rf7 Bxa3 33. bxa3 1-0

[Event "San Francisco TNM Winter op"]
[Site "San Francisco"]
[Date "2013.02.12"]
[Round "6"]
[White "Bekhtur, Bayaraa"]
[Black "Krasnov, Steven Lender"]
[Result "0-1"]
[WhiteElo "1650"]
[BlackElo "1958"]
[PlyCount "54"]
[EventDate "2013.01.08"]
[EventType "swiss"]
[EventRounds "8"]
[EventCountry "USA"]
[SourceTitle "EXT 2016"]
[Source "ChessBase"]
[SourceDate "2015.10.08"]
[SourceVersion "1"]
[SourceVersionDate "2015.10.08"]
[SourceQuality "1"]

1. e4 c5 2. Nf3 d6 3. d4 cxd4 4. Nxd4 Nf6 5. Nc3 a6 6. Bc4 e6 7. 0-0 b5 8. Bb3 b4 9. Na4 Nxe4 10. Qe1 d5 11. f3 Nf6 12. Bg5 Bb7 13. Rd1 Be7 14. Bxf6 gxf6 15. Nxe6 fxe6 16. Qxe6 Qd7 17. Qe3 0-0 18. Nb6 Qb5 19. Rxd5 Bxd5 20. Bxd5+ Kh8 21. Qxe7 Qxb6+ 22. Kh1 Nc6 23. Qd7 Ne5 24. Qf5 Rad8 25. Be4 Qc7 26. f4 Nc4 27. Qh5 Nd2 0-1

[Event "San Francisco TNM Winter op"]
[Site "San Francisco"]
[Date "2013.01.29"]
[Round "4"]
[White "Bekhtur, Bayaraa"]
[Black "Simpkins, Jerry"]
[Result "1-0"]
[WhiteElo "1650"]
[BlackElo "1339"]
[PlyCount "63"]
[EventDate "2013.01.08"]
[EventType "swiss"]
[EventRounds "8"]
[EventCountry "USA"]
[SourceTitle "EXT 2016"]
[Source "ChessBase"]
[SourceDate "2015.10.08"]
[SourceVersion "1"]
[SourceVersionDate "2015.10.08"]
[SourceQuality "1"]

1. e4 e5 2. Nf3 d5 3. exd5 e4 4. Qe2 f5 5. d3 Nf6 6. Bg5 Bb4+ 7. c3 0-0 8. dxe4 fxe4 9. Bxf6 Qxf6 10. Qxe4 Bc5 11. Bd3 g6 12. 0-0 Bf5 13. Qc4 Bd6 14. Nbd2 Nd7 15. Bxf5 Qxf5 16. Nd4 Qf4 17. N2f3 Ne5 18. Nxe5 Qxe5 19. g3 Rf4 20. Rae1 Re4 21. Rxe4 Qxe4 22. Qb3 b6 23. Ne6 h5 24. Qb5 h4 25. Qd7 Qe5 26. f4 Qe3+ 27. Kg2 Qe2+ 28. Rf2 h3+ 29. Kxh3 Qh5+ 30. Kg2 Qxd5+ 31. Rf3 Qd2+ 32. Kh3 1-0

[Event "San Francisco TNM Summer op"]
[Site "San Francisco"]
[Date "2006.06.20"]
[Round "3"]
[White "Bekhtur, Bayaraa"]
[Black "Hilliard, Michael"]
[Result "0-1"]
[WhiteElo "1596"]
[BlackElo "1400"]
[PlyCount "84"]
[EventDate "2006.06.06"]
[EventType "swiss"]
[EventRounds "8"]
[EventCountry "USA"]
[SourceTitle "EXT 2007"]
[Source "ChessBase"]
[SourceDate "2006.11.23"]
[SourceVersion "1"]
[SourceVersionDate "2006.11.23"]
[SourceQuality "1"]

1. e4 c6 2. Nf3 d5 3. exd5 cxd5 4. d4 Bf5 5. c4 Nf6 6. Nc3 e6 7. cxd5 Nxd5 8. Bb5+ Nc6 9. Ne5 Qb6 10. Qa4 Rc8 11. 0-0 Bd6 12. Nc4 Qc7 13. Nxd6+ Qxd6 14. Nxd5 Qxd5 15. Bxc6+ Qxc6 16. Qa3 Qa6 17. b3 Qxa3 18. Bxa3 f6 19. d5 exd5 20. Rfe1+ Kf7 21. Re7+ Kg6 22. Rxb7 a6 23. f3 h5 24. Be7 d4 25. Rd1 d3 26. h3 h4 27. a4 Rc2 28. Bb4 Rd8 29. Rd2 Re8 30. Rxc2 dxc2 31. Rc7 Rd8 32. Kf2 Rd1 33. Ba3 Rd2+ 34. Ke3 Rxg2 35. b4 Bxh3 36. b5 axb5 37. axb5 Be6 38. b6 h3 39. b7 h2 40. b8Q h1Q 41. Qe8+ Kh7 42. Qc6 Qe1+ 0-1

[Event "San Francisco TNM Spring op"]
[Site "San Francisco"]
[Date "2006.05.16"]
[Round "8"]
[White "Bekhtur, Bayaraa"]
[Black "Oca Homer, Nicolas"]
[Result "0-1"]
[WhiteElo "1596"]
[BlackElo "1678"]
[PlyCount "60"]
[EventDate "2006.03.28"]
[EventType "swiss"]
[EventRounds "8"]
[EventCountry "USA"]
[SourceTitle "EXT 2007"]
[Source "ChessBase"]
[SourceDate "2006.11.23"]
[SourceVersion "1"]
[SourceVersionDate "2006.11.23"]
[SourceQuality "1"]

1. e4 h6 2. d4 a6 3. Nf3 Nf6 4. Bd3 d6 5. c4 Nc6 6. Nc3 e5 7. d5 Ne7 8. 0-0 g5 9. h3 g4 10. hxg4 Bxg4 11. Be2 Qd7 12. Nh4 h5 13. f3 Bh3 14. gxh3 Qxh3 15. Ng2 Bh6 16. Bxh6 Rxh6 17. Kf2 Rg6 18. Rg1 h4 19. Qf1 Qh2 20. Ke3 h3 21. Nh4 Qf4+ 22. Kd3 Rxg1 23. Qxg1 Qxh4 24. Qh2 0-0-0 25. Rh1 Nh5 26. Bf1 Nf4+ 27. Ke3 Rh8 28. Ne2 Neg6 29. Ng1 Ng2+ 30. Kd2 Qe1+ 0-1

[Event "San Francisco TNM Spring op"]
[Site "San Francisco"]
[Date "2006.05.09"]
[Round "7"]
[White "Bekhtur, Bayaraa"]
[Black "Frank, Robert"]
[Result "0-1"]
[WhiteElo "1596"]
[BlackElo "1235"]
[PlyCount "82"]
[EventDate "2006.03.28"]
[EventType "swiss"]
[EventRounds "8"]
[EventCountry "USA"]
[SourceTitle "EXT 2007"]
[Source "ChessBase"]
[SourceDate "2006.11.23"]
[SourceVersion "1"]
[SourceVersionDate "2006.11.23"]
[SourceQuality "1"]

1. e4 e5 2. Nf3 Nc6 3. d4 exd4 4. Nxd4 Bc5 5. Nxc6 Qh4 6. Qf3 dxc6 7. Bc4 Qf6 8. Nd2 Be6 9. 0-0 Bxc4 10. Qxf6 Nxf6 11. Nxc4 0-0-0 12. Bg5 h6 13. Bxf6 gxf6 14. Rad1 Rxd1 15. Rxd1 Re8 16. Re1 f5 17. e5 Bd4 18. c3 Bc5 19. Kf1 Bf8 20. Ke2 f6 21. f4 fxe5 22. fxe5 Bg7 23. Kf3 Kd7 24. b4 Ke6 25. a4 b5 26. Nb2 Bxe5 27. axb5 cxb5 28. g3 Kd5 29. Ra1 Bxc3 30. Ra2 Bxb2 31. Rxb2 Kc4 32. Rc2+ Kxb4 33. Rxc7 a5 34. Rh7 Re6 35. Kf4 Kb3 36. Kxf5 Rc6 37. h4 a4 38. g4 a3 39. Ra7 b4 40. g5 hxg5 41. hxg5 Kb2 0-1

[Event "San Francisco Powell Memorial G/45"]
[Site "San Francisco"]
[Date "2006.05.06"]
[Round "3"]
[White "Bekhtur, Bayaraa"]
[Black "Kumar, Jay"]
[Result "0-1"]
[WhiteElo "1596"]
[BlackElo "1587"]
[PlyCount "78"]
[EventDate "2006.05.06"]
[EventType "swiss (rapid)"]
[EventRounds "5"]
[EventCountry "USA"]
[SourceTitle "EXT 2007"]
[Source "ChessBase"]
[SourceDate "2006.11.23"]
[SourceVersion "1"]
[SourceVersionDate "2006.11.23"]
[SourceQuality "1"]

1. e4 c5 2. Nf3 d6 3. d4 cxd4 4. Nxd4 Nf6 5. Nc3 g6 6. Be3 Bg7 7. Bc4 0-0 8. Bb3 Nc6 9. f3 Bd7 10. Qd2 Rc8 11. 0-0-0 a6 12. h4 h5 13. Bh6 Ne5 14. Bxg7 Kxg7 15. f4 Nc4 16. Bxc4 Rxc4 17. f5 Qa5 18. Nb3 Qc7 19. fxg6 fxg6 20. Nd5 Nxd5 21. exd5 b5 22. Nd4 Qc5 23. Rhe1 Rf7 24. Ne6+ Bxe6 25. Rxe6 Rxh4 26. Rde1 Qc7 27. c3 b4 28. R1e3 bxc3 29. Qxc3+ Qxc3+ 30. Rxc3 Rg4 31. g3 Rd4 32. Rce3 Rxd5 33. Rxe7 g5 34. Rxf7+ Kxf7 35. Kc2 Kf6 36. Rf3+ Kg6 37. a4 a5 38. Rd3 Rxd3 39. Kxd3 h4 0-1

[Event "San Francisco TNM Spring op"]
[Site "San Francisco"]
[Date "2006.05.02"]
[Round "6"]
[White "Carcar, Alex"]
[Black "Bekhtur, Bayaraa"]
[Result "1/2-1/2"]
[WhiteElo "1304"]
[BlackElo "1596"]
[PlyCount "48"]
[EventDate "2006.03.28"]
[EventType "swiss"]
[EventRounds "8"]
[EventCountry "USA"]
[SourceTitle "EXT 2007"]
[Source "ChessBase"]
[SourceDate "2006.11.23"]
[SourceVersion "1"]
[SourceVersionDate "2006.11.23"]
[SourceQuality "1"]

1. e4 c5 2. Nf3 d6 3. d4 cxd4 4. Nxd4 Nf6 5. Nc3 g6 6. Bc4 Bg7 7. 0-0 0-0 8. Bb3 Nc6 9. Be3 Ne5 10. h3 Bd7 11. f4 Nc6 12. a3 Rc8 13. Qe2 Nxe4 14. Nxc6 Nxc3 15. Nxe7+ Qxe7 16. bxc3 Rxc3 17. Rae1 Rxe3 18. Qxe3 Qxe3+ 19. Rxe3 Bd4 20. Rfe1 Re8 21. Kf2 Bc6 22. g3 Kg7 23. Bc4 a6 24. Bd3 h6 1/2-1/2

[Event "San Francisco TNM Spring op"]
[Site "San Francisco"]
[Date "2006.03.28"]
[Round "1"]
[White "Sanguinetti, George A"]
[Black "Bekhtur, Bayaraa"]
[Result "0-1"]
[WhiteElo "1959"]
[BlackElo "1596"]
[PlyCount "67"]
[EventDate "2006.03.28"]
[EventType "swiss"]
[EventRounds "8"]
[EventCountry "USA"]
[SourceTitle "EXT 2007"]
[Source "ChessBase"]
[SourceDate "2006.11.23"]
[SourceVersion "1"]
[SourceVersionDate "2006.11.23"]
[SourceQuality "1"]

1. e4 c5 2. Nf3 d6 3. d4 cxd4 4. Nxd4 Nf6 5. Nc3 g6 6. Be3 Bg7 7. f3 Nc6 8. Qd2 h5 9. 0-0-0 h4 10. Bc4 Nd7 11. f4 Nb6 12. Bb3 Bg4 13. Rde1 Na5 14. Qd3 Rc8 15. f5 Nbc4 16. Ba4+ Kf8 17. fxg6 f6 18. Nf5 Bxf5 19. exf5 Ne5 20. Qd5 Nac6 21. Kb1 a6 22. Bf4 Qe8 23. Bxe5 fxe5 24. Ne4 b5 25. Ng5 Nd8 26. Bb3 Bf6 27. Nh7+ Kg7 28. g4 Rc5 29. Qd2 e4 30. Rxe4 Qc6 31. Nxf6 Kxf6 32. Qd4+ Re5 33. Rxe5 Qxh1+ 34. Re1+ 0-1